<?xml version="1.0" encoding="UTF-8"?>
<record
    xmlns:xsi="http://www.w3.org/2001/XMLSchema-instance"
    xsi:schemaLocation="http://www.loc.gov/MARC21/slim http://www.loc.gov/standards/marcxml/schema/MARC21slim.xsd"
    xmlns="http://www.loc.gov/MARC21/slim">

  <leader>02103nam a2200361 c 4500</leader>
  <controlfield tag="001">57593</controlfield>
  <controlfield tag="003">CO-BoRNBP</controlfield>
  <controlfield tag="005">20250714120702.0</controlfield>
  <controlfield tag="007">ta</controlfield>
  <controlfield tag="008">231019t2022    ck a|||br ||| 00| j spa d</controlfield>
  <datafield tag="020" ind1=" " ind2=" ">
    <subfield code="a">9789585338685</subfield>
  </datafield>
  <datafield tag="040" ind1=" " ind2=" ">
    <subfield code="a">CO-BoRNBP</subfield>
    <subfield code="b">spa</subfield>
    <subfield code="e">rda</subfield>
    <subfield code="c">CO-BoRNBP</subfield>
  </datafield>
  <datafield tag="041" ind1="0" ind2=" ">
    <subfield code="a">spa</subfield>
  </datafield>
  <datafield tag="043" ind1=" " ind2=" ">
    <subfield code="a">n-mx--</subfield>
  </datafield>
  <datafield tag="084" ind1=" " ind2=" ">
    <subfield code="a">C</subfield>
  </datafield>
  <datafield tag="100" ind1=" " ind2=" ">
    <subfield code="a">C&#xF3;rdova, Adolfo,</subfield>
    <subfield code="d">1983-</subfield>
    <subfield code="e">aut</subfield>
    <subfield code="9">61093</subfield>
  </datafield>
  <datafield tag="245" ind1="1" ind2="0">
    <subfield code="a">Escondida /</subfield>
    <subfield code="c">Adolfo C&#xF3;rdova ; ilustraciones Amanda Mijangos.</subfield>
  </datafield>
  <datafield tag="250" ind1=" " ind2=" ">
    <subfield code="a">Primera edici&#xF3;n</subfield>
    <subfield code="b">Primera reimpresi&#xF3;n</subfield>
  </datafield>
  <datafield tag="264" ind1=" " ind2="1">
    <subfield code="a">Bogot&#xE1;, Colombia :</subfield>
    <subfield code="b">Cataplum Libros,</subfield>
    <subfield code="c">2023</subfield>
  </datafield>
  <datafield tag="300" ind1=" " ind2=" ">
    <subfield code="a">[20] p&#xE1;ginas sin numerar :</subfield>
    <subfield code="b">ilustraciones a color</subfield>
  </datafield>
  <datafield tag="336" ind1=" " ind2=" ">
    <subfield code="a">texto</subfield>
    <subfield code="b">txt</subfield>
    <subfield code="2">rdacontent</subfield>
  </datafield>
  <datafield tag="337" ind1=" " ind2=" ">
    <subfield code="a">sin mediaci&#xF3;n</subfield>
    <subfield code="b">n</subfield>
    <subfield code="2">rdamedia</subfield>
  </datafield>
  <datafield tag="338" ind1=" " ind2=" ">
    <subfield code="a">volumen</subfield>
    <subfield code="b">nc</subfield>
    <subfield code="2">rdacarrier</subfield>
  </datafield>
  <datafield tag="500" ind1=" " ind2=" ">
    <subfield code="a">Libro en tipo acorde&#xF3;n plegable</subfield>
  </datafield>
  <datafield tag="520" ind1="3" ind2=" ">
    <subfield code="a">Escondida es una historia donde dos voces l&#xED;ricas se entrecruzan en este libro que invita al lector a acercarse a la vida secreta de una ni&#xF1;a que, con su propia voz, nos cuenta la complejidad y riqueza de su mundo interior: aunque no est&#xE1; a la vista del adulto ha crecido dentro de ella. Por otro lado, est&#xE1; la voz del adulto, que se acerca y distancia de la ni&#xF1;a reconociendo ese mundo interior y su singularidad. Este poema escrito por Adolfo C&#xF3;rdova es de una delicadeza extrema que encuentra su contrapartida en el trabajo de Amanda Mijangos, quien con l&#xE1;piz, monotipia de &#xF3;leo sobre papel, acuarela y trabajo digital, nos muestra con met&#xE1;foras visuales ese mundo interior. El libro entra&#xF1;a una maravillosa sorpresa: se trata de un acorde&#xF3;n (tapa dura y con lomo) que permite el recorrido por las dos voces y por im&#xE1;genes propias de la naturaleza. (Apartes del texto)</subfield>
  </datafield>
  <datafield tag="521" ind1="1" ind2=" ">
    <subfield code="a">Recomendado para un p&#xFA;blico infantil mayor de 6 a&#xF1;os</subfield>
  </datafield>
  <datafield tag="650" ind1="0" ind2="7">
    <subfield code="a">Cuentos infantiles mexicanos</subfield>
    <subfield code="y">siglo xxi</subfield>
    <subfield code="2">lemb</subfield>
    <subfield code="9">61094</subfield>
  </datafield>
  <datafield tag="650" ind1="0" ind2="7">
    <subfield code="a">Literatura mexicana</subfield>
    <subfield code="y">siglo xxi</subfield>
    <subfield code="2">lemb</subfield>
    <subfield code="9">61095</subfield>
  </datafield>
  <datafield tag="650" ind1="0" ind2="7">
    <subfield code="a">Naturaleza en la literatura</subfield>
    <subfield code="2">lemb</subfield>
    <subfield code="9">1606</subfield>
  </datafield>
  <datafield tag="650" ind1="0" ind2="7">
    <subfield code="a">Ni&#xF1;os en la literatura</subfield>
    <subfield code="2">lemb</subfield>
    <subfield code="9">873</subfield>
  </datafield>
  <datafield tag="700" ind1=" " ind2=" ">
    <subfield code="a">Mijangos, Amanda,</subfield>
    <subfield code="d">1986-</subfield>
    <subfield code="e">ill</subfield>
    <subfield code="9">61096</subfield>
  </datafield>
  <datafield tag="942" ind1=" " ind2=" ">
    <subfield code="2">loc</subfield>
    <subfield code="c">BKLITI</subfield>
  </datafield>
  <datafield tag="999" ind1=" " ind2=" ">
    <subfield code="c">57593</subfield>
    <subfield code="d">57593</subfield>
  </datafield>
  <datafield tag="952" ind1=" " ind2=" ">
    <subfield code="0">0</subfield>
    <subfield code="1">0</subfield>
    <subfield code="2">ddc</subfield>
    <subfield code="4">0</subfield>
    <subfield code="7">0</subfield>
    <subfield code="8">INF</subfield>
    <subfield code="a">MEMACARE</subfield>
    <subfield code="b">MEMACARE</subfield>
    <subfield code="c">SInf</subfield>
    <subfield code="d">2025-07-14</subfield>
    <subfield code="l">0</subfield>
    <subfield code="o">CCOR22</subfield>
    <subfield code="p">LM02517</subfield>
    <subfield code="r">2025-07-14 12:08:12</subfield>
    <subfield code="t">Ej.1</subfield>
    <subfield code="w">2025-07-14</subfield>
    <subfield code="y">BKLITI</subfield>
  </datafield>
</record>
